| 000 | 00000nam 2200000zi 4500 |
| 001 | 9.925433 |
| 003 | CaOODSP |
| 005 | 20241126154308 |
| 006 | m o d f |
| 007 | cr |n||||||||| |
| 008 | 230719s1994 nsc ob f|0| 0 eng d |
| 040 | |aCaOODSP|beng|erda|cCaOODSP |
| 043 | |an-cnm |
| 086 | 1 |aEn4-569/1994E-PDF |
| 245 | 10|aAtlantic Region Canadian Environmental Protection Act (CEPA) : |bfive year review. |
| 246 | 14|aCEPA five year review Atlantic Region : |b1989-1994 : Canadian Environmental Protection Act |
| 264 | 1|a[Dartmouth, Nova Scotia] : |bEnvironment Canada, Atlantic Region, |c[1994] |
| 300 | |a1 online resource (35 pages) |
| 336 | |atext|btxt|2rdacontent |
| 337 | |acomputer|bc|2rdamedia |
| 338 | |aonline resource|bcr|2rdacarrier |
| 500 | |aDigitized edition from print [produced by Environment and Climate Change Canada]. |
| 504 | |aIncludes bibliographical references (pages 7-9). |
| 520 | |a"CEPA has been in place for five years and we are now in a position to evaluate the effectiveness of its implementation in the Region. This review will attempt to do that and will focus on highlights, significant outputs and accomplishments, and linkages of our CEPA activities with other departmental programs and other agencies and their programs. It will follow CEPA as it is currently structured"--page 1. |
| 610 | 10|aCanada. |tCanadian Environmental Protection Act. |
| 650 | 0|aEnvironmental protection|zAtlantic Provinces. |
| 650 | 0|aEnvironmental law|zCanada. |
| 650 | 6|aEnvironnement|xProtection|zProvinces de l'Atlantique. |
| 650 | 6|aEnvironnement|xDroit|zCanada. |
| 710 | 1 |aCanada.|bEnvironment Canada. |bAtlantic Region, |eissuing body. |
| 856 | 40|qPDF|s9.59 MB|uhttps://publications.gc.ca/collections/collection_2024/eccc/en4/En4-569-1994-eng.pdf |